Ley 26773 y la aplicación del RIPTE en el tiempo, períodos que comprende su cálculo, los rubros que deben calcularse y su compatibilidad con la tasa de interés activa (Registro nro. 18633)

Detalles MARC
000 -LEADER
fixed length control field 00441 a2200109 4500
001 - CONTROL NUMBER
control field ART_38712
005 - DATE AND TIME OF LATEST TRANSACTION
control field 20260410161740.0
008 - FIXED-LENGTH DATA ELEMENTS--GENERAL INFORMATION
fixed length control field 260409a
100 1# - MAIN ENTRY--PERSONAL NAME
Personal name Duarte, David
245 10 - TITLE STATEMENT
Title Ley 26773 y la aplicación del RIPTE en el tiempo, períodos que comprende su cálculo, los rubros que deben calcularse y su compatibilidad con la tasa de interés activa
773 0# - HOST ITEM ENTRY
Title Doctrina laboral
Related parts - Nº 369 (mayo 2016)
Record control number REV4049

No hay ítems disponibles.